000
00290nam a22001337a 4500
020
_a
0-7214-1640-3
082
_a
823
_b
STI/F
100
_a
STIMSON, JOAN
245
_a
FARMYARD STORIES FOR UNDER FIVES
260
_a
LONDON
300
_a
43
650
_a
ENGLISH SHORT STORY
_z
UK
942
_c
BK
999
_c
2522
_d
2522